Представление документа в формате MARC21

ПолеНазваниеЗначение
  Тип записи a
  Библиографический уровень m
001 Контрольный номер RU\infra-m\znanium\bibl\2236484
005 Дата корректировки 20260429142123.1
008 Кодируемые данные 260327s2025 RU g rus u
020 Индекс ISBN __
a ISBN 978-5-9614-9225-5
040 Источник каталогиз. __
a Служба первич. каталог. Общество с ограниченной ответственностью «ЗНАНИУМ»
041 Код языка издания __
a Код языка текста rus
044 Код страны публикации __
a Код страны публикации RU
080 Индекс УДК __
a Индекс УДК 929
084 Индекс другой классификации/Индекс ББК __
2 Источник индекса rubbk
a Индекс другой классификации/Индекс ББК 842
100 Автор __
a Автор Айнбиндер А.
q Полное имя Айнбиндер Ада
245 Заглавие __
a Заглавие Чему я могу научиться у Петра Чайковского
b Продолж. заглавия Научно-популярная литература
250 Сведения об издании __
a Основные сведения об издании 1
260 Выходные данные __
a Место издания Москва
b Издательство ООО "Альпина Паблишер"
c Дата издания 2026
300 Физическое описание __
a Объем 46 с.
440 Серия __
a Серия Уроки из жизни
520 Аннотация __
a Аннотация Пётр Ильич Чайковский — самый популярный русский композитор в мире. Он не просто признанный гений классической музыки его сочинения можно услышать даже в рекламе фильмах и компьютерных играх. Пётр Ильич был невероятно одар ён но что помимо огромного таланта помогало ему создавать музыку? Из этой книги вы узнаете что вдохновляло композитора как семья и друзья влияли на его творчество и сколько времени Пётр Ильич уделял работе в день. А ещё о том чем Чайковский увлекался помимо музыки как воспринимал критику и конечно каким правилам следовал в своей жизни. Для детей от 6 лет.
521 Примеч. о цел. назн. __
a Примеч. о целев. назн. Дополнительное образование детей
650 Тематические рубрики __
a Основная рубрика Художественная литература. Досуг
x Основная подрубрика Детская научно-популярная и справочная литература
655 Указ. предметных рубрик (устаревшее) __
a Жанр/ форма (устаревшее) Научно-популярная литература
856 Электронный адрес документа 4_
a Имя сервера/домена znanium.ru
m Помощь ebs_support@infra-m.ru
n Местонахождение сервера НИЦ ИНФРА-М
u URL https://znanium.ru/catalog/document?id=474417
856 Электронный адрес документа 48
a Имя сервера/домена znanium.ru
d Путь /cover/2236
f Электронное имя 2236484.jpg
q Тип электронного формата image/jpeg
u URL https://znanium.ru/cover/2236/2236484.jpg
911 __
u 0030=https://znanium.ru/catalog/document?id=474417